| 000 | 00760cam4a220026500 4500 | ||
|---|---|---|---|
| 001 | lce00916249 | ||
| 008 | 731113s1973 sz b 001 0 eng | ||
| 010 | _a 73175592 | ||
| 015 | _aSw*** | ||
| 020 | _a3805514859 | ||
| 020 |
_c87.00F ( _27.00 U.S.) |
||
| 035 | _a(Sirsi) r65045 | ||
| 035 | _a(DLC) 73175592 | ||
| 035 | _a(UPRA)lce00916249 | ||
| 040 | _dUPRA | ||
| 050 | 0 |
_aQH505 _b.J63 |
|
| 082 | _a574.1/91 | ||
| 100 | 1 |
_aJoseph, Norman R. _6A24999.1 |
|
| 245 | 1 | 0 |
_aComparative physical biology / _c[by] N.R. Joseph. |
| 260 |
_aBasel ; New York : _aBasel ; New York : _bS. Karger, _c1973. |
||
| 504 | _aBibliography: p. [225]-229. | ||
| 650 | 0 |
_aBiophysics. _6S8766.1 |
|
| 949 |
_aQH505 _wLC _i-86808 _mMEDICAL _tBOOK _lON-SHELF |
||
| 004 | 65045 | ||
| 999 |
_c40449 _d40449 |
||